| 000 | 00617cam a22002053a 4500 | ||
|---|---|---|---|
| 001 | 44719 | ||
| 003 | PGUSA | ||
| 005 | 20140828084024.0 | ||
| 008 | 140120s2014||||xxu|||||s|||||000 | eng d | ||
| 040 |
_aPGUSA _beng |
||
| 042 | _adc | ||
| 100 | 1 |
_aBilse, Fritz Oswald, _d1878-1951 |
|
| 245 | 1 | 0 |
_aAus einer kleinen Garnison : _bEin militärisches Zeitbild _h[electronic resource] / _cFritz Oswald Bilse |
| 260 |
_bProject Gutenberg, _c2014 |
||
| 506 | _aPublic domain in the USA. | ||
| 516 | _aElectronic text | ||
| 830 | 0 |
_aProject Gutenberg _v44719 |
|
| 856 | 4 | 0 | _uhttp://www.gutenberg.org/ebooks/44719 |
| 942 | _cEB | ||
| 999 |
_c273970 _d273970 |
||